Top 20 biggest cities in North East England - Statistics

General Stats
  • This quiz has been taken 187 times
  • The average score is 11 of 20
Answer Stats
Answer Population % Correct
Newcastle upon Tyne 281,727
100%
Middlesbrough 179,959
96%
Sunderland 170,134
96%
Durham 49,887
89%
Darlington 93,417
82%
Gateshead 115,720
82%
Hartlepool 88,420
74%
Stockton-on-Tees 84,801
65%
South Shields 73,325
63%
Redcar 37,651
53%
Blyth 39,734
48%
Washington 67,528
42%
Chester-le-Street 37,398
39%
Tynemouth 69,360
39%
Ashington/Wansbeck 28,155
38%
Whitley Bay 36,866
37%
Jarrow 42,301
34%
Billingham 33,271
27%
Wallsend 45,744
27%
Longbenton 39,725
5%
No matching quizzes found
Score Distribution
Percent of People with Each Score
Percentile by Number Answered
Your Score History
You have not taken this quiz